| 000 | 01634cam a22004694i 4500 | ||
|---|---|---|---|
| 003 | PE-LiUPU | ||
| 005 | 20250731172946.0 | ||
| 008 | 150623s r 000 0 d | ||
| 020 | _a0897570073 | ||
| 035 | _a(Sirsi) i9780897570077 | ||
| 040 |
_aPE-LiUPU _bspa _cPE-LiUPU _erda |
||
| 049 | _aPRUA | ||
| 082 | 0 | 4 |
_a222.130 44 _bF82 _221 |
| 100 | 1 |
_aFreedman, David Noel, _d1922-, _eautor. |
|
| 245 | 1 | 4 |
_aThe Paleo-Hebrew Leviticus scroll (11 QpaleoLev) / _cDavid Noel Freedman. |
| 264 | 1 |
_aWinona Lake, Indiana : _bAmerican Schools of Oriental Research, _c1985. |
|
| 300 |
_a135 páginas : _bilustraciones láms. ; _c28.5 centímetros |
||
| 336 |
_atext _2rdacontent |
||
| 337 |
_aunmediated _2rdamedia |
||
| 338 |
_avolume _2rdacarrier |
||
| 505 | 0 | _aIntroduction. -Paleography. -Text and critical apparatus. -Orthography. -Appendix. | |
| 526 | _aSEG42 | ||
| 526 | _aSEG41 | ||
| 526 | _aSEG40 | ||
| 526 | _aSEG39 | ||
| 526 | _aP94 | ||
| 526 | _aP87 | ||
| 526 | _aP86 | ||
| 526 | _aP85 | ||
| 526 | _aP77 | ||
| 526 | _aP76 | ||
| 526 | _aP35 | ||
| 630 |
_aBiblia. _pA.T. _pLevítico _xCrítica, interpretación, etc. |
||
| 650 | 0 | 4 | _aPaleografía hebrea. |
| 700 | 1 | _aMathews, K. A. | |
| 942 |
_2ddc _cBOOK |
||
| 949 |
_a222.130 44 F82 _wDEWEY _c1 _i44779 _lCCODEBUL1 _mBUL _r0 _sY _tBOOK _u2015-6-24 _xTEOLOGIA _PP35 _0COMPRA _o.STAFF. Colección General |
||
| 994 |
_aC0 _bPEPRU |
||
| 596 | _a1 | ||
| 999 |
_a222.130 44 F82 _wDEWEY _c21649 _i44779 _f2021-11-9 _g5 _lCCODEBUL1 _mBUL _r0 _sY _tBOOK _u2015-6-24 _xTEOLOGIA _PP35 _0COMPRA _o.STAFF. Colección General _d21649 |
||
| 980 |
_81 _gALBERTO SANCHEZ Responsable de Automatización |
||